Historical and geographical objectives in Slovakian tourist structure
Uložené v:
| Hlavný autor: | |
|---|---|
| Médium: | Kapitola |
| Jazyk: | English Slovak |
| Tagy: |
Žiadne tagy, Buďte prvý, kto otaguje tento záznam!
|
MARC
| LEADER | 00000naa$a2200000$$$4500 | ||
|---|---|---|---|
| 001 | 0235787 | ||
| 005 | 20221130095620.9 | ||
| 041 | 0 | |a eng | |
| 041 | 0 | |a slo | |
| 044 | |a SK | ||
| 245 | 1 | 0 | |a Historical and geographical objectives in Slovakian tourist structure |c Ema Šulavíková |
| 100 | 1 | |a Šulavíková, Ema | |